000 00588nam a2200205Ia 4500
005 20260429112045.0
008 260429s9999||||xx |||||||||||||| ||und||
020 _a9789369678839
041 _aEnglish
082 _a150.198
_bRAN
100 _aRani, Akanksha
245 0 _aPositive psychology :
_bapplications in work, health and well-being /
_cAkanksha Rani
250 _a1st ed.
260 _aNew Delhi :
_bScientific Books International,
_c2026.
300 _a286 p.; hb
650 _a Mental health
650 _a Well-being
650 _aPositive psychology
942 _cTB
999 _c52125
_d52125